000 00977nam0a22002171i 4500
001 rc\594156
005 20240726073725.0
035 _a(NLR Aleph) 005839017
090 _a5659009
_c5659009
100 _a20031121d1986 u |0rusy50 ca
101 0 _arus
102 _aRU
105 _ay |||||||||
200 1 _aМоделирование и оценка квалификационно-должностного потенциала кадров управления
_e(На прим. управленч. персонала машиностроит. предприятия)
_eАвтореф. дис. на соиск. учен. степ. канд. экон. наук
_e(08.00.13)
_fМоск. ин-т управления им. Серго Орджоникидзе
210 _aМ.
_d1986
215 _a18 с.
700 1 _aАндреев
_bС.В.
_gСергей Владимирович
801 0 _aRU
_bNLR
_gpsbo
801 1 _aRU
_bELAR
_2rusmarc
852 _aNLR
_jА86/7590
942 _cBOOK